000 00254nam a22001097a 4500
999 _c65104
_d65101
082 _a۲۹۷۰۹۲۲ ا ب د
100 _aابوالحسن
245 _aنبئ رحمت صلی اللہ علیے
260 _aکراچی
300 _a۲۶۴
942 _cBK